000 00463nam a22001577a 4500
005 20251120110401.0
008 251120b |||||||| |||| 00| 0 eng d
020 _a979-8-88715-316-2
100 _aPAUL, FRED G.
245 _aSOIL ENGINEERING: TESTING DESIGN AND REMEDIATION
260 _aDUBLIN
_bORYSON PRESS
_c2024
300 _aXII, 310P.
500 _aINCLUDES INDEX
650 _a1. SOIL MECHANICS 2. SOIL TESTING 3. SOIL REMEDIATION
942 _2lcc
_cBK
999 _c216226
_d216226